Пропуск в контексте

Практикум по страхованию учебное пособие

Цель данного учебного пособия – приобретение навыков решения практических задач в сфере страхования. В учебном пособии приведены формулы, примеры решения задач, тесты по различным аспектам страховой деятельности. Предназначено для преподавателей и студентов экономических и управленческих специальнос...

Полное описание

Сохранить в:
Библиографические подробности
Главный автор: Сазонов С. П.
Другие авторы: Харламова Е. Е., Езангина И. А., Полянская А. А.
Формат: Книга
Язык:Russian
Опубликовано: Волгоград ВолгГТУ 2017
Online-ссылка:https://e.lanbook.com/book/381920
https://e.lanbook.com/img/cover/book/381920.jpg
Метки: Добавить метку
Нет меток, Требуется 1-ая метка записи!
LEADER 01731nam0a2200301 i 4500
001 381920
003 RuSpLAN
005 20240216150951.0
008 240216s2017 ru gs 000 0 rus
020 |a 978-5-9948-2493-1 
040 |a RuSpLAN 
041 0 |a rus 
044 |a ru 
084 |a У271я7  |2 rubbk 
245 0 0 |a Практикум по страхованию  |b учебное пособие  |c Сазонов С. П.,Харламова Е. Е.,Езангина И. А.,Полянская А. А. 
260 |a Волгоград  |b ВолгГТУ  |c 2017 
300 |a 120 с. 
504 |a Библиогр.: доступна в карточке книги, на сайте ЭБС Лань 
520 8 |a Цель данного учебного пособия – приобретение навыков решения практических задач в сфере страхования. В учебном пособии приведены формулы, примеры решения задач, тесты по различным аспектам страховой деятельности. Предназначено для преподавателей и студентов экономических и управленческих специальностей. 
521 8 |a Книга из коллекции ВолгГТУ - Экономика и менеджмент 
521 8 |a СЭБ 
100 1 |a Сазонов С. П. 
700 1 |a Харламова Е. Е. 
700 1 |a Езангина И. А. 
700 1 |a Полянская А. А. 
856 4 |u https://e.lanbook.com/book/381920 
856 4 8 |u https://e.lanbook.com/img/cover/book/381920.jpg 
953 |a https://e.lanbook.com/img/cover/book/381920.jpg